Mathematical aspects of classical and celestial mechanics (Record no. 18115)
[ view plain ]
| 000 -LEADER | |
|---|---|
| fixed length control field | 01003nam a2200313 a 4500 |
| 001 - CONTROL NUMBER | |
| control field | 155675 |
| 003 - CONTROL NUMBER IDENTIFIER | |
| control field | OSt |
| 005 - DATE AND TIME OF LATEST TRANSACTION | |
| control field | 20210923131619.0 |
| 008 - FIXED-LENGTH DATA ELEMENTS--GENERAL INFORMATION | |
| fixed length control field | 180327 ### HIN |
| 020 ## - INTERNATIONAL STANDARD BOOK NUMBER | |
| International Standard Book Number | 9783540282464 |
| 082 ## - DEWEY DECIMAL CLASSIFICATION NUMBER | |
| Classification number | 531.01515 |
| Item number | A64M |
| 100 ## - MAIN ENTRY--PERSONAL NAME | |
| Personal name | Arnolʹd, Vladimir I. |
| 245 ## - TITLE STATEMENT | |
| Title | Mathematical aspects of classical and celestial mechanics |
| Statement of responsibility, etc | by Vladimir I. Arnold, Valery V. Kozlov and Anatoly I. Neiishtadt |
| 250 ## - EDITION STATEMENT | |
| Edition statement | 3rd ed. |
| 260 ## - PUBLICATION, DISTRIBUTION, ETC. (IMPRINT) | |
| Place of publication, distribution, etc | Berlin |
| Name of publisher, distributor, etc | Spinger |
| Date of publication, distribution, etc | 2006 |
| 300 ## - PHYSICAL DESCRIPTION | |
| Extent | xiii, 518p. |
| 490 ## - SERIES STATEMENT | |
| Series statement | Encyclopaedia of mathematical sciences, v.3.; Dynamical systems III |
| 653 ## - INDEX TERM--UNCONTROLLED | |
| Uncontrolled term | Celestial mechanics |
| 653 ## - INDEX TERM--UNCONTROLLED | |
| Uncontrolled term | Mechanics, Analytic |
| 653 ## - INDEX TERM--UNCONTROLLED | |
| Uncontrolled term | Mathematical physics |
| 653 ## - INDEX TERM--UNCONTROLLED | |
| Uncontrolled term | Differentiable dynamical systems |
| 653 ## - INDEX TERM--UNCONTROLLED | |
| Uncontrolled term | Differential equations |
| 653 ## - INDEX TERM--UNCONTROLLED | |
| Uncontrolled term | Differential equations, Partial |
| 653 ## - INDEX TERM--UNCONTROLLED | |
| Uncontrolled term | Mathematics |
| 653 ## - INDEX TERM--UNCONTROLLED | |
| Uncontrolled term | Global analysis (Mathematics) |
| 700 ## - ADDED ENTRY--PERSONAL NAME | |
| Personal name | Kozlov, Valery V. |
| 700 ## - ADDED ENTRY--PERSONAL NAME | |
| Personal name | Neĭshtadt, Anatoly I. |
| 942 ## - ADDED ENTRY ELEMENTS (KOHA) | |
| Source of classification or shelving scheme | Dewey Decimal Classification |
| Koha item type | Books |
| Withdrawn status | Lost status | Source of classification or shelving scheme | Damaged status | Not for loan | Collection code | Home library | Current library | Date acquired | Source of acquisition | Full call number | Barcode | Checked out | Date last seen | Price effective from | Koha item type |
|---|---|---|---|---|---|---|---|---|---|---|---|---|---|---|---|
| Dewey Decimal Classification | General Text Book | Central University Of Rajasthan | Central University Of Rajasthan | 27/03/2018 | MTH(P) | 531.01515 A64M | 30675 | 31/12/2018 | 02/09/2020 | 02/09/2020 | Books |
